000 01109nam0a22002651 4500
001 v19\rc\1949758
005 20251118180914.3
035 _a(NLR Aleph) 005034815
090 _a6729736
_c6729736
100 _a20080428d1913 |||y0rusy50 ca
101 0 _arus
102 _aRU
105 _ay z |||||
200 1 _aManuale pharmaceuticum новых лекарственных средств и Краткий мануал общеупотребительных в ручной продаже лекарственных средств
_fСост. А. Клинге
210 _aСанкт-Петербург
_cЖурн. "Химик и фармацевт"
_d1913
215 _a[2], 110 с.
_d22
517 0 _aКраткий мануал общеупотребительных в ручной продаже лекарственных средств
700 1 _aКлинге
_bА. Г.
_gАлександр Густавович
_4220
801 0 _aRU
_bNLR
_gpsbo
801 0 _aRU
_bRuMoRGB
_2psbo
801 1 _aRU
_bProSoft-M
_2rusmarc
852 _aNLR
_j66-5/3219
899 _aБАН
942 _cBOOK
980 _aNB